Three Letter Grab Bag Quiz Stats

 Plays Quiz not verified by Sporcle

Challenge
Share
Tweet
Embed
Score 0/180 Timer 10:00
0 Plays Today
Hint Answer % Correct
AnimalsDOG
97.4%
AnimalsCAT
96.9%
AnimalsANT
93.4%
Chemistry/PhysicsICE
92%
AnimalsDOE
91.2%
General VerbsSEE
91.2%
Everyday ObjectsCAR
91.2%
General VerbsCRY
90.6%
Everyday ObjectsPEN
90.3%
Everyday ObjectsBUS
89.6%
AnimalsBAT
89.5%
General VerbsRUN
89.5%
ArticlesHER
89%
ArticlesHIS
88.5%
Food & CookingEAT
88.3%
Chemistry/PhysicsDRY
88.2%
ArticlesHIM
88.2%
Emotions & FeelingsSAD
88%
Animals IIRAT
87.9%
General Verbs IIHOP
87.7%
ArticlesOUR
87%
CartoonsTOM
86.5%
First NamesTOM
86.5%
General VerbsCUT
86.2%
General Verbs IIHUG
86.1%
AnimalsOWL
85.8%
Companies & GroupsHBO
85.8%
Food & CookingFRY
85.8%
CartoonsDOO
85.3%
Food & CookingPAN
84.3%
Body PartsEYE
84.2%
Chemistry/PhysicsAIR
84.1%
Body PartsEAR
84.1%
General VerbsHIT
84%
General VerbsUSE
83.9%
General VerbsNOD
83.2%
Animals IIEEL
82.7%
AnimalsEWE
82.5%
AnimalsAPE
82.1%
ClothingHAT
82.1%
Food & CookingWOK
81.9%
SportTEE
81.8%
AnimalsCOW
81.5%
Body PartsARM
81.1%
General NounsMUM
81%
Movie TitlesARK
80.2%
Food & CookingCAN
79.9%
Body PartsTOE
79.7%
General Nouns IIGUN
79.7%
Albums/BandsLED
79.4%
Economics/MathsSIX
79.3%
General Verbs IISEW
79.2%
Albums/BandsBON
79.1%
Body PartsLEG
79%
ArticlesITS
78.7%
Movie TitlesFEW
78.2%
Food & CookingPOT
77.8%
Food & CookingPEA
77.6%
Economics/MathsTEN
77.4%
Movie TitlesALL
77.4%
Hint Answer % Correct
General Nouns IIWIG
77%
Movie TitlesTOY
76.8%
General Verbs IIEND
76.7%
Economics/MathsONE
76.7%
Economics/MathsTWO
76.2%
Chemistry/PhysicsION
76.1%
Chemistry/PhysicsTIN
75.9%
Everyday ObjectsBAG
75.8%
Emotions & FeelingsMAD
75.8%
Chemistry/PhysicsHOT
74.6%
Emotions & FeelingsSHY
74.3%
Economics/MathsYEN
74.1%
Albums/BandsOUT
73.8%
BiologyWEB
73.6%
Chemistry/PhysicsGAS
73.4%
Food & CookingYAM
73.1%
CartoonsGUY
72.9%
Animals IIEMU
72.8%
General VerbsADD
71.7%
Chemistry/PhysicsSUN
71.4%
Chemistry/PhysicsOIL
71.3%
General Verbs IIDIG
71.1%
Economics/MathsTAX
70.9%
General Nouns IIIBOY
70.5%
Movie TitlesMAN
70.4%
CartoonsFAT
70.4%
ArticlesTHE
70.2%
CartoonsREN
69.8%
General Verbs IISAY
69.5%
Movie TitlesRED
68.3%
ClothingFLY
68.1%
GeographySEA
68.1%
ClothingTIE
68%
Body PartsHIP
67.5%
Albums/BandsUSA
67.5%
Movie TitlesGET
67.4%
Everyday ObjectsBOX
66.5%
Body PartsJAW
66.1%
Companies & GroupsBBC
65.7%
Albums/BandsRAY
65%
First NamesRAY
65%
General Nouns IIDUO
64.9%
Body PartsRIB
64.8%
Internet AcronymsLOL
63.8%
Companies & GroupsUPS
63.7%
General NounsLAW
63.1%
First NamesJOE
63.1%
SportNET
63%
Albums/BandsDAY
62.9%
CartoonsDAD
62.5%
General VerbsPAT
62.4%
General Nouns IIART
62.4%
ClothingBRA
62.2%
First NamesJIM
61.7%
General Nouns IIWAR
61.6%
Animals IIPIG
60.9%
General NounsPUN
60.8%
Food & CookingPIE
59.9%
GeographyMAP
58.2%
General Nouns IIIJOB
57.8%
Hint Answer % Correct
ClothingBIB
57.8%
Everyday ObjectsFAN
57.6%
Animals IIASP
57.3%
Animals IIFOX
55.4%
Internet AcronymsBRB
54.1%
Emotions & FeelingsAWE
52.2%
Emotions & FeelingsIRE
51.1%
Emotions & FeelingsJOY
50.2%
BiologySAP
48.5%
Toys & GamesDIE
48%
Animals IINIT
47.5%
BiologyGUT
47.5%
Animals IIYAK
47.4%
Everyday ObjectsKEY
47.2%
General NounsORB
46.6%
Albums/BandsBAD
46.2%
AnimalsHEN
45.5%
Animals IIELK
44.9%
Chemistry/PhysicsCOG
44.6%
Internet AcronymsOMG
43.7%
General Nouns IIIPET
43.5%
First NamesLEE
43.3%
General Nouns IIWAY
42.7%
Albums/BandsNEW
41.8%
General NounsTON
41.4%
Companies & GroupsKFC
40.6%
Economics/MathsPAY
38.6%
CartoonsTOP
38.3%
General Verbs IILAY
37.9%
Internet AcronymsGTG
36.6%
Movie TitlesGOD
36.3%
General Nouns IIISAW
35.7%
Companies & GroupsAOL
32.8%
GeographyBOG
32.1%
BiologyPOD
31.5%
General Nouns IIICOT
31.4%
Internet AcronymsASL
30.2%
SportTRY
30.1%
CartoonsZIM
29.8%
Toys & GamesBOO
29.1%
BiologyLOG
28.9%
ClothingBOW
26.3%
Animals IITIT
24.8%
Companies & GroupsNHS
24.6%
General VerbsPUT
23.3%
SportKIT
20.5%
SportLAP
18.2%
Economics/MathsCOS
17.9%
Emotions & FeelingsWOE
17.6%
SportCAP
15.3%
Companies & GroupsIBM
15.1%
Food & CookingFIG
12.6%
Toys & GamesRYU
12.2%
SportLIE
12%
GeographyBAY
11.5%
General NounsBAR
10.9%
GeographyTOR
9.1%
Toys & GamesROB
8.2%
Toys & GamesPOG
6.9%
Toys & GamesMUK
5.4%

You're not logged in!

Compare scores with friends on all Sporcle quizzes.
OR
Log In

You Might Also Like...

Show Comments

Extras

Created Oct 4, 2011ReportNominate
Tags:Letter Quiz, 3 Letter, bag, extra, three

Top Quizzes Today


Score Distribution

Your Account Isn't Verified!

In order to create a playlist on Sporcle, you need to verify the email address you used during registration. Go to your Sporcle Settings to finish the process.

Report this User

Report this user for behavior that violates our Community Guidelines.

Details: